<?xml version="1.0" encoding="UTF-8"?>
<record
    xmlns:xsi="http://www.w3.org/2001/XMLSchema-instance"
    xsi:schemaLocation="http://www.loc.gov/MARC21/slim http://www.loc.gov/standards/marcxml/schema/MARC21slim.xsd"
    xmlns="http://www.loc.gov/MARC21/slim">

  <leader>02825nam a2200397 a 4500</leader>
  <controlfield tag="001">dia_6675</controlfield>
  <controlfield tag="003">CHAP</controlfield>
  <controlfield tag="005">20251205130910.0</controlfield>
  <controlfield tag="007">ta</controlfield>
  <controlfield tag="008">220117s1981    mx abd frm    001 0 spa d</controlfield>
  <datafield tag="010" ind1=" " ind2=" ">
    <subfield code="a">177991</subfield>
  </datafield>
  <datafield tag="040" ind1=" " ind2=" ">
    <subfield code="a">mxchpua</subfield>
    <subfield code="c">CHAP</subfield>
  </datafield>
  <datafield tag="041" ind1="0" ind2=" ">
    <subfield code="a">spa</subfield>
  </datafield>
  <datafield tag="090" ind1=" " ind2=" ">
    <subfield code="a">Tesis</subfield>
    <subfield code="b">C65</subfield>
    <subfield code="c">1981</subfield>
  </datafield>
  <datafield tag="100" ind1="1" ind2=" ">
    <subfield code="a">Colina Irezabal, Mar&#xED;a Luisa</subfield>
  </datafield>
  <datafield tag="245" ind1="1" ind2="0">
    <subfield code="a">Estudio sobre la concentraci&#xF3;n de pulpa de guanabana y la recuperaci&#xF3;n de su aroma  /</subfield>
    <subfield code="c"> Mar&#xED;a Luisa Colina Irezabal</subfield>
  </datafield>
  <datafield tag="264" ind1=" " ind2=" ">
    <subfield code="a">M&#xE9;xico :</subfield>
    <subfield code="b">El autor,</subfield>
    <subfield code="c">1982</subfield>
  </datafield>
  <datafield tag="300" ind1=" " ind2=" ">
    <subfield code="a">140 hojas :</subfield>
    <subfield code="b">ilustraciones, tablas, gr&#xE1;ficas, mapas</subfield>
  </datafield>
  <datafield tag="336" ind1=" " ind2=" ">
    <subfield code="2">rdacontent</subfield>
    <subfield code="a">texto</subfield>
    <subfield code="b">txt</subfield>
  </datafield>
  <datafield tag="337" ind1=" " ind2=" ">
    <subfield code="2">rdamedia</subfield>
    <subfield code="a">no mediado</subfield>
    <subfield code="b">n</subfield>
  </datafield>
  <datafield tag="338" ind1=" " ind2=" ">
    <subfield code="2">rdacarrier</subfield>
    <subfield code="a">volumen</subfield>
    <subfield code="b">nc</subfield>
  </datafield>
  <datafield tag="502" ind1=" " ind2=" ">
    <subfield code="a">Tesis</subfield>
    <subfield code="b">(Maestro en Ciencias en Industrializaci&#xF3;n de Frutas) -- </subfield>
    <subfield code="c">SARH. Escuela Nacional de Fruticultura,</subfield>
    <subfield code="d">1981</subfield>
  </datafield>
  <datafield tag="504" ind1=" " ind2=" ">
    <subfield code="a">Bibliograf&#xED;a: hojas 134-140</subfield>
  </datafield>
  <datafield tag="520" ind1="3" ind2=" ">
    <subfield code="a">Se efectu&#xF3; un estudio sobre la concentraci&#xF3;n de pulpa de guan&#xE1;bana y la recuperaci&#xF3;n de su aroma a nivel piloto utilizando un evaporando centrifugo Centri-Therm y una columna de rectificaci&#xF3;n conectada al mismo. Se estudiaron las variables de operaci&#xF3;n del proceso, obteni&#xE9;ndose una concentraci&#xF3;n m&#xE1;xima de La pulpa de 32 &#xB0;Brix, cuando La alimentaci&#xF3;n de La misma al equipo correspond&#xED;a a una velocidad de 230 me/min y una temperatura de 40&#xB0;&#x2103;, teniendo en estas condiciones un coeficiente global de transferencia de calor (U) de 1 486.7 Kcal/m2oc h y un gasto de vapor de calentamiento (mg) de 9.61 Kg/h. Para la fase de recuperaci&#xF3;n del aroma, se encontraron valones de los coeficientes globales volum&#xE9;tricos de transferencia de masa de 12.85 Kg-mol/ 30 min m? &#x25B3;y para la fase gaseosa (Kya) y 28.60 Kg-mol/30 min me &#x25B3;x para la fase liquida (Kxa).Se efectu6 un an&#xE1;lisis cromatogr&#xE1;fico del aroma identific&#xE1;ndose, en base a tiempos de retenci&#xF3;n. Los siguientes componentes: acetaldehido, metanol, etanol, caproato de metilo, thans 2 hexenal, B -hexeno y caprilato de metilo. La pulpa concentrada fue sometida a evaluaci&#xF3;n sensorial en forma de n&#xE9;ctar con aroma reincorporado, presentando caracter&#xED;sticas similares al n&#xE9;ctar de producto fresco. Asimismo, se observ6 un incremento en el periodo de conservaci&#xF3;n de dicha pulpa.</subfield>
  </datafield>
  <datafield tag="650" ind1="1" ind2="3">
    <subfield code="a">Pulpa de fruta</subfield>
    <subfield code="x">Concentraci&#xF3;n  </subfield>
    <subfield code="2">atg</subfield>
  </datafield>
  <datafield tag="650" ind1="1" ind2="3">
    <subfield code="a">Annona muricata</subfield>
    <subfield code="x">Propiedades fisicoqu&#xED;micas  </subfield>
    <subfield code="2">atg</subfield>
  </datafield>
  <datafield tag="650" ind1="1" ind2="3">
    <subfield code="a">Annona muricata</subfield>
    <subfield code="x">Physicochemical properties</subfield>
    <subfield code="2">atg</subfield>
  </datafield>
  <datafield tag="650" ind1="1" ind2="3">
    <subfield code="a">Fruit pulp</subfield>
    <subfield code="x">Concentrating  </subfield>
    <subfield code="2">atg</subfield>
  </datafield>
  <datafield tag="700" ind1="1" ind2=" ">
    <subfield code="a">Arjona Rom&#xE1;n, J. L.</subfield>
    <subfield code="e">director</subfield>
  </datafield>
  <datafield tag="700" ind1="1" ind2=" ">
    <subfield code="a">Saucedo Veloz, Crescenciano</subfield>
    <subfield code="e">asesor</subfield>
  </datafield>
  <datafield tag="700" ind1="1" ind2=" ">
    <subfield code="a">Tueme Canales. J. J.</subfield>
    <subfield code="e">asesor</subfield>
  </datafield>
  <datafield tag="901" ind1=" " ind2=" ">
    <subfield code="a">TESIS C65 1981</subfield>
  </datafield>
  <datafield tag="902" ind1=" " ind2=" ">
    <subfield code="a">M</subfield>
  </datafield>
  <datafield tag="905" ind1=" " ind2=" ">
    <subfield code="a">5232271981                          mx nm  8223123322spa16</subfield>
  </datafield>
  <datafield tag="942" ind1=" " ind2=" ">
    <subfield code="c">TESIS</subfield>
    <subfield code="2">Clasificaci&#xF3;n Universidad Aut&#xF3;noma Chapingo</subfield>
  </datafield>
  <datafield tag="999" ind1=" " ind2=" ">
    <subfield code="c">177991</subfield>
    <subfield code="d">177991</subfield>
  </datafield>
  <datafield tag="952" ind1=" " ind2=" ">
    <subfield code="0">0</subfield>
    <subfield code="1">0</subfield>
    <subfield code="2">local</subfield>
    <subfield code="4">0</subfield>
    <subfield code="5">5</subfield>
    <subfield code="7">0</subfield>
    <subfield code="8">TESIS</subfield>
    <subfield code="a">IA_</subfield>
    <subfield code="b">IA_</subfield>
    <subfield code="d">2022-01-18</subfield>
    <subfield code="e">El autor</subfield>
    <subfield code="l">0</subfield>
    <subfield code="o">Tesis C65 1981</subfield>
    <subfield code="p">1101011127</subfield>
    <subfield code="r">2026-02-02 00:00:00</subfield>
    <subfield code="t">Ej.2</subfield>
    <subfield code="w">2022-01-18</subfield>
    <subfield code="y">TESIS</subfield>
  </datafield>
  <datafield tag="952" ind1=" " ind2=" ">
    <subfield code="0">0</subfield>
    <subfield code="1">0</subfield>
    <subfield code="2">local</subfield>
    <subfield code="4">0</subfield>
    <subfield code="5">1</subfield>
    <subfield code="7">0</subfield>
    <subfield code="8">TESIS</subfield>
    <subfield code="a">IA_</subfield>
    <subfield code="b">IA_</subfield>
    <subfield code="d">2022-01-18</subfield>
    <subfield code="e">El autor</subfield>
    <subfield code="l">0</subfield>
    <subfield code="o">Tesis C65 1981</subfield>
    <subfield code="p">1101011126</subfield>
    <subfield code="r">2026-02-02 00:00:00</subfield>
    <subfield code="t">Ej.1</subfield>
    <subfield code="w">2022-01-18</subfield>
    <subfield code="y">TESIS</subfield>
  </datafield>
</record>
